00705 2200265 4500001002100000005001500021035002000036007000300056008004100059020002200100082001100122084001700133100002100150245006300171250001000234260004200244300003500286500001400321650003200335504002500367990001100392990001100403990001200414990001300426INLIS00000000000664020210304031446 a0010-0321000010ta210304 g 0 ind  a978-979-1464-44-4 a363.73 a363.73 KUS p0 aKUS, Dwiyatmo B.1 aPencemaran Lingkungan dan Penanganannya /cKus Dwiyatmo B. acet.1 aYogyakarta :bCitra Aji Parama,c2007 aiv, 76 hal. :bilus. ;c25 cm. aGlosarium 4aPENCEMARAN-ASPEK LINGKUNGAN aBibliografi : hal.76 a7913 a a7913 b a1071024 a1071024a